| 000 | 00375nam a2200133Ia 4500 | ||
|---|---|---|---|
| 005 | 20260328101523.0 | ||
| 008 | 260328s9999||||xx |||||||||||||| ||und|| | ||
| 100 | _aDiedrich, Richard J. | ||
| 245 | 0 |
_aBuilding Type Basics For Recreational Facilities / _cRichard J. Diedrich |
|
| 260 | _bJohn Wiley & Sons | ||
| 300 | _a262 p. | ||
| 650 | _aARQUITECTURA DEPORTIVA | ||
| 942 | _cBK | ||
| 999 |
_c9659 _d9659 |
||